00849nam a2200193 a 450000100100000000500170001000800410002702000150006804000250008324501370010826000320024530000260027749000820030350400730038550500600045870000290051870000260054783000820057300004118620201002034705.0130925s1992 sp 000 0 spa d a8476583303 aDO-SdBNPbspacBNPHU00aCuestiones Epistemológicas :bmateriales para una filosofía de la religión /ccoordinadores Gómez Caffarena , J.M. Mardones. aMadrid :bAnthropos,c1992. av. (300 p.) ;c20 cm.1 aPensamiento crítico/Pensamiento utópicoafilosofía de la religiónv64 aIncluye referencias bibliográficas y notas al pie de las páginas0 av.1 :tmateriales para una filosofía de la religión1 aCaffarena, Gómezecoor aMardones, J.M.ecoor. 0aPensamiento crítico/Pensamiento utópicopfilosofía de la religiónn64